General view of the agriculture of the West Riding of Yorkshire (Record no. 113564)

MARC details
000 -LEADER
fixed length control field 01172cam a22002055a 4500
001 - CONTROL NUMBER
control field L155425
008 - FIXED-LENGTH DATA ELEMENTS--GENERAL INFORMATION
fixed length control field 120321s1799 xxk f 000 0 eng d
035 ## - SYSTEM CONTROL NUMBER
System control number (Sirsi) u155425
041 0# - LANGUAGE CODE
Language code of text/sound track or separate title eng
100 1# - MAIN ENTRY--PERSONAL NAME
Personal name Brown, Robert
Dates associated with a name 1757-1831
245 00 - TITLE STATEMENT
Title General view of the agriculture of the West Riding of Yorkshire
Remainder of title surveyed by Messrs. Rennie, Brown, & Shirreff, 1793; with observations on the means of its improvement, and additional information since received. Drawn up by order of the Board of Agriculture and Internal Improvement. By Robert Brown, ...
260 ## - PUBLICATION, DISTRIBUTION, ETC.
Place of publication, distribution, etc. London
Name of publisher, distributor, etc. printed for Richard Phillips; sold by Faulder & Son; Reynolds; J. Harding; J. Asperne; Black, Parry, & Kingsbury; Wilson & Spence, & Todd, York; Slater & Bacon, Sheffield; Edwards & Son, Halifax; W. Sheardon, Doncaster; Constable & Co. Edinburgh; J. Archer, Dublin & all other booksellers; by B. McMillan
Date of publication, distribution, etc. 1799
300 ## - PHYSICAL DESCRIPTION
Extent 8, xiv, 293, [3], 121, [1] p., plate
Other physical details map
Dimensions 8o
583 ## - ACTION NOTE
Action Condition reviewed
Time/date of action 20120620
Status condition level 1
651 #4 - SUBJECT ADDED ENTRY--GEOGRAPHIC NAME
Geographic name Great Britain
Chronological subdivision 1707-
690 ## - LOCAL SUBJECT ADDED ENTRY--TOPICAL TERM (OCLC, RLIN)
Topical term or geographic name as entry element Rural
9 (RLIN) 6268
700 1# - ADDED ENTRY--PERSONAL NAME
Personal name Shirreff, John
Dates associated with a name 1759-1818
700 1# - ADDED ENTRY--PERSONAL NAME
Personal name Rennie, George
Dates associated with a name 1749-1828
942 ## - ADDED ENTRY ELEMENTS (KOHA)
Suppress in OPAC 0
Holdings
Withdrawn status Lost status Source of classification or shelving scheme Damaged status Not for loan Home library Current library Shelving location Date acquired Total Checkouts Full call number Barcode Date last seen Copy number Price effective from Koha item type
    Dewey Decimal Classification     Historic collection Historic collection Historic collection 21/03/2012   OCTAVO 1799 BROWN 30075371 06/08/2019 1 06/08/2019 Book